00589nam a22002177a 450000500170000001000130001702000100003003500130004003700160005304000120006908200110008110000190009224500920011126000360020327000490023930000200028865000170030865000130032570000180033870000150035620170124110119.0 aA-542461 c00.00 aA-542461 bCen Lib/Ret aDPLbEN aSbVER aVerma, Nirmal  aThe crows of deliverance /cby Nirmal Verma; traslated by Kuldip Singh [and] Jai Ratan  aNew DelhibPenguin books c1992 bNew DelhiaB4/246 Safdarjang enclavee110029 a183p.c18cm(Hb) a Literature  a Fiction aSingh, Kuldip aRatan Rai